Bilecik Bilecik Bilecik Bilecik Bilecik

Koca Yusuf : (Record no. 27115)

MARC details
000 -BAŞLIK
Sabit Uzunluktaki Kontrol Alanı 01067nam a22003377a 4500
001 - KONTROL NUMARASI
Control Dosyası 0027181
003 - KONTROL NUMARASI KİMLİĞİ
Kontrol Alanı KOHA_MİRAKIL
005 - EN SON İŞLEM TARİHİ ve ZAMANI
Kontrol Alanı 20260207002550.0
007 - FİZİKSEL TANIM SABİT ALAN - GENEL BİLGİ
Sabit uzunluklu kontrol alanı ta
008 - SABİT UZUNLUKTAKİ VERİ ÖGELERİ - GENEL BİLGİ
Sabit Alan 101213b2009 tu |||gr||||#||||0|tur |
020 ## - ISBN - ULUSLARARASI STANDART KİTAP NUMARASI
Isbn 9758486888
040 ## - KATALOGLAMA KAYNAĞI
Özgün Kataloglama Kurumu TR-BiSEU
Kataloglama Dili tur
Çeviri Kurumu TR-BiSEU
Açıklama Kuralları rda
041 0# - DİL KODU
Metin ya da ses kaydının dil kodu tur
044 ## - YAYINLAYAN/ÜRETEN KURULUŞUN ÜLKE KODU
ISO country code tu
050 ## - SINIFLAMA ve YER NUMARASI
Sınıflama Numarası GV1196
Yer Numarası .D45 2009
100 1# - KİŞİ ADI
Yazar Adı (Kişi adı) Delice, Halil.
245 1# - ESER ADI BİLDİRİMİ
Başlık Koca Yusuf :
Alt Eseradı vb. Cihanı titreten Türk yalnızca güle yenildi/
Sorumluluk Bildirimi Halil Delice ; Halil Delice.
264 #1 - ÜRERİM, YAYIN, DAĞITIM ve TELİF BİLDİRİMİ
Yayın yeri İstanbul :
Yayınlayan Babıali Kültür Yayıncılığı
Yayın tarihi 2009
300 ## - FİZİKSEL TANIMLAMA
Sayfa, Cilt vb. 408 s. ;
Boyutları 21 cm
336 ## - İÇERİK TÜRÜ
Content type term metin
Content type code txt
Source rdacontent
337 ## - MEDYA TÜRÜ
Media type term aracısız
Media type code n
Source rdamedia
338 ## - TAŞIYICI TÜRÜ
Carrier type term cilt
Carrier type code nc
Source rdacarrier
490 1# - DİZİ BİLDİRİMİ
Dizi Bildirimi Babıali Kültür Yayıncılığı ;
Cilt Numarası 87.
490 1# - DİZİ BİLDİRİMİ
Dizi Bildirimi Roman ;
Cilt Numarası 11.
500 ## - GENEL NOT
Genel Not Sırtta adı: Koca Yusuf.
650 #0 - KONU BAŞLIĞI EK GİRİŞ - KONU TERİMİ
Konusal terim veya coğrafi ad Koca Yusuf, 1856-1898.
9 (RLIN) 53854
650 #0 - KONU BAŞLIĞI EK GİRİŞ - KONU TERİMİ
Konusal terim veya coğrafi ad Güreşçiler--Türkiye--Biyografi.
9 (RLIN) 39832
830 1# - SERİ EK GİRİŞİ - TEKBİÇİM ESER ADI
Tekbiçim Başlık Babıali Kültür Yayıncılığı ;
Volume number/sequential designation 87.
9 (RLIN) 16585
830 1# - SERİ EK GİRİŞİ - TEKBİÇİM ESER ADI
Tekbiçim Başlık Roman ;
Volume number/sequential designation 11.
9 (RLIN) 16586
942 ## - EK GİRİŞ ÖGELERİ (KOHA)
Source of classification or shelving scheme Library of Congress Classification
Koha item type Book
Holdings
Materyal Türü Kalıcı Konum Mevcut Konum Raf Yeri Sınıflandırma Kaynağı Edinim Bilgisi Ana Konular Alt Konular Yer Numarası Demirbaş Numarası Fatura Tarihi Maliyet, Alış Fiyatı Maliyet, Yenileme Fiyatı Geri Çekilme Durumu Kayıp Durumu Hasarlı Durumu Kredi için değil Kayıt Tarih Toplam Ödünçverme Son Görülme Tarihi Son Kontrol Tarihi
Book Prof. Dr. Azmi Özcan Kütüphanesi Prof. Dr. Azmi Özcan Kütüphanesi Uluğbey Salonu Library of Congress Classification Satın COĞRAFYA, ANTROPOLOJİ, REKREASYON Rekreasyon, Boş Zaman Etkinlikleri GV1196 .D45 2009 0027181 13/12/2010 17.00 17.00         13/12/2010 1 05/12/2024 05/12/2024